000 00892nam a22002897a 4500
001 BR8902463
003 BR-BrBNA
005 20230928093225.0
007 ta
008 230509b bl.||||| |||| 00| 0 por d
040 _aBR-BrBNA
_bpor
_cBiblioteca Nacional de Agricultura
041 _a(Por)
072 _aH01; L70; E70
_b/G514
090 _ H01 BR8902463
110 1 _aDelegacia Federal de Agricultura no Espirito Santo, Vitoria (Brasil)
_93109
245 1 _aRelatorio de atividades janeiro a junho de 1986 [Delegacia Federal de Agricultura no Espirito Santo]
260 3 _aVitoria, ES (Brasil):
_c1986.
300 _a29 p.
650 _aDEFESA VEGETAL
650 _aDEFESA ANIMAL
650 _aINSPECAO SANITARIA
650 _aCLASSIFICACAO DE PRODUTO
650 _aINSTITUICAO AGRICOLA
650 _aESPIRITO SANTO
909 _a202309
_bLucia
_c55
_dLucia Elande
942 _cBK
999 _c43717
_d43717